[Event "Team men PL final"]
[Site "Sochi"]
[Date "2018.05.04"]
[Round "4.5"]
[White "Rodshtein, Maxim"]
[Black "Antipov, Mikhail Al."]
[Result "1/2-1/2"]
[BlackElo "2597"]
[WhiteElo "2678"]
[LiveChessVersion "1.4.8"]

1. d4 {[%clk 1:30:55]} Nf6 {[%clk 1:30:55]} 2. c4 {[%clk 1:31:16]} c6
{[%clk 1:31:21]} 3. Nf3 {[%clk 1:31:25]} d5 {[%clk 1:31:47]} 4. e3
{[%clk 1:31:50]} Bf5 {[%clk 1:32:12]} 5. Nc3 {[%clk 1:32:14]} a6 {[%clk 1:32:37]}
6. Be2 {[%clk 1:32:25]} h6 {[%clk 1:32:55]} 7. Qb3 {[%clk 1:32:27]} Ra7
{[%clk 1:32:52]} 8. cxd5 {[%clk 1:32:31]} cxd5 {[%clk 1:33:16]} 9. Ne5
{[%clk 1:32:45]} e6 {[%clk 1:32:33]} 10. O-O {[%clk 1:32:36]} Be7
{[%clk 1:32:57]} 11. Bd2 {[%clk 1:32:53]} O-O {[%clk 1:33:19]} 12. Rfc1
{[%clk 1:33:18]} Nfd7 {[%clk 1:26:20]} 13. Nxd7 {[%clk 1:33:09]} Nxd7
{[%clk 1:24:34]} 14. Na4 {[%clk 1:32:55]} b5 {[%clk 1:24:59]} 15. Nc5
{[%clk 1:33:13]} Nb6 {[%clk 1:25:23]} 16. a4 {[%clk 1:27:06]} bxa4
{[%clk 1:24:19]} 17. Nxa4 {[%clk 1:27:27]} Nxa4 {[%clk 1:24:45]} 18. Qxa4
{[%clk 1:27:13]} Qb8 {[%clk 1:24:31]} 19. b4 {[%clk 1:26:59]} Rb7
{[%clk 1:24:49]} 20. Bxa6 {[%clk 1:04:19]} Bxb4 {[%clk 1:24:47]} 21. Bxb7
{[%clk 1:03:58]} Bxd2 {[%clk 1:25:12]} 22. Qc6 {[%clk 1:03:14]} Bxc1
{[%clk 1:25:36]} 23. Ra8 {[%clk 1:03:26]} Qxa8 {[%clk 1:26:02]} 24. Bxa8
{[%clk 1:03:52]} Ba3 {[%clk 1:26:24]} 25. Bb7 {[%clk 1:03:22]} Be7
{[%clk 1:24:55]} 26. f3 {[%clk 0:56:07]} Bf6 {[%clk 1:22:28]} 27. Kf2
{[%clk 0:49:02]} h5 {[%clk 1:14:48]} 28. g3 {[%clk 0:42:21]} Rd8 {[%clk 1:00:45]}
29. Qc7 {[%clk 0:34:47]} Rf8 {[%clk 0:55:39]} 30. Ke2 {[%clk 0:29:13]} Rd8
{[%clk 0:51:44]} 31. Ba6 {[%clk 0:21:57]} Ra8 {[%clk 0:48:37]} 32. Qb7
{[%clk 0:22:14]} Rd8 {[%clk 0:48:58]} 33. Kd2 {[%clk 0:20:54]} Kf8
{[%clk 0:30:20]} 34. Be2 {[%clk 0:10:31]} Be7 {[%clk 0:29:11]} 35. Kc3
{[%clk 0:10:09]} Bg6 {[%clk 0:24:24]} 36. Qc7 {[%clk 0:05:23]} Ra8
{[%clk 0:22:37]} 37. Ba6 {[%clk 0:04:56]} Rd8 {[%clk 0:22:33]} 38. Bb7
{[%clk 0:02:50]} Bf5 {[%clk 0:14:30]} 39. Bc6 {[%clk 0:02:51]} Bf6
{[%clk 0:14:22]} 40. Bb5 {[%clk 0:31:07]} Kg8 {[%clk 0:43:27]} 41. Ba6
{[%clk 0:25:40]} Re8 {[%clk 0:40:56]} 42. Kd2 {[%clk 0:24:51]} Rd8
{[%clk 0:40:34]} 43. Ke2 {[%clk 0:23:44]} Ra8 {[%clk 0:39:50]} 44. Qb7
{[%clk 0:23:42]} Rd8 {[%clk 0:40:14]} 45. Kf2 {[%clk 0:23:54]} Kf8
{[%clk 0:38:04]} 46. Be2 {[%clk 0:23:13]} Be7 {[%clk 0:37:39]} 47. Kg2
{[%clk 0:23:04]} Bg6 {[%clk 0:37:20]} 48. h3 {[%clk 0:23:00]} f5 {[%clk 0:36:00]}
49. Bd3 {[%clk 0:16:44]} Bf7 {[%clk 0:35:30]} 50. g4 {[%clk 0:16:42]} hxg4
{[%clk 0:35:33]} 51. fxg4 {[%clk 0:16:01]} fxg4 {[%clk 0:35:51]} 52. hxg4
{[%clk 0:16:27]} g5 {[%clk 0:34:58]} 53. Qc7 {[%clk 0:13:54]} Bf6
{[%clk 0:35:05]} 54. Qh2 {[%clk 0:12:58]} Ke7 {[%clk 0:33:00]} 55. Kf3
{[%clk 0:12:30]} Kf8 {[%clk 0:29:49]} 56. Qc7 {[%clk 0:10:16]} Re8
{[%clk 0:24:17]} 57. Bb5 {[%clk 0:06:58]} Re7 {[%clk 0:23:27]} 58. Qd6
{[%clk 0:05:35]} Kg7 {[%clk 0:22:23]} 59. Bd7 {[%clk 0:05:43]} Bg8
{[%clk 0:21:11]} 60. Ke2 {[%clk 0:05:35]} Bf7 {[%clk 0:21:33]} 61. Kd2
{[%clk 0:03:04]} Bg8 {[%clk 0:21:49]} 62. Bc8 {[%clk 0:03:18]} Bf7
{[%clk 0:21:54]} 63. Ba6 {[%clk 0:03:30]} Re8 {[%clk 0:17:49]} 64. Bb5
{[%clk 0:03:33]} Re7 {[%clk 0:15:38]} 65. Bd3 {[%clk 0:03:26]} Re8
{[%clk 0:15:04]} 66. Bb5 {[%clk 0:03:36]} Re7 {[%clk 0:15:29]} 67. Ba4
{[%clk 0:04:00]} e5 {[%clk 0:13:05]} 68. dxe5 {[%clk 0:04:03]} Rxe5
{[%clk 0:13:30]} 69. Bc2 {[%clk 0:02:15]} d4 {[%clk 0:09:51]} 70. exd4
{[%clk 0:01:53]} 1/2-1/2

[Event "Team men PL final"]
[Site "Sochi"]
[Date "2018.05.04"]
[Round "4.6"]
[White "Lomasov, Semen"]
[Black "Goganov, Aleksey"]
[Result "1/2-1/2"]
[BlackElo "2572"]
[WhiteElo "2559"]
[LiveChessVersion "1.4.8"]

1. e4 {[%clk 1:30:56]} e5 {[%clk 1:30:56]} 2. Nf3 {[%clk 1:31:23]} Nc6
{[%clk 1:31:21]} 3. Bc4 {[%clk 1:31:47]} Bc5 {[%clk 1:31:46]} 4. c3
{[%clk 1:32:12]} Nf6 {[%clk 1:32:10]} 5. d4 {[%clk 1:32:35]} exd4
{[%clk 1:32:34]} 6. e5 {[%clk 1:32:58]} d5 {[%clk 1:32:59]} 7. Bb5
{[%clk 1:33:22]} Ne4 {[%clk 1:33:22]} 8. cxd4 {[%clk 1:33:43]} Bb6
{[%clk 1:33:42]} 9. Nc3 {[%clk 1:34:01]} O-O {[%clk 1:33:13]} 10. Be3
{[%clk 1:34:20]} Bg4 {[%clk 1:29:49]} 11. h3 {[%clk 1:34:27]} Bh5
{[%clk 1:27:40]} 12. Qc2 {[%clk 1:34:28]} Bg6 {[%clk 1:24:18]} 13. Qb3
{[%clk 1:34:11]} Ne7 {[%clk 1:23:04]} 14. O-O {[%clk 1:33:35]} c6
{[%clk 1:22:45]} 15. Bd3 {[%clk 1:33:54]} Nd2 {[%clk 1:22:21]} 16. Nxd2
{[%clk 1:34:16]} Bxd3 {[%clk 1:22:47]} 17. Rfe1 {[%clk 1:34:38]} Bg6
{[%clk 1:22:07]} 18. Na4 {[%clk 1:33:59]} Nf5 {[%clk 1:13:20]} 19. Nf3
{[%clk 1:34:02]} Nxe3 {[%clk 1:03:28]} 20. Rxe3 {[%clk 1:34:03]} Be4
{[%clk 1:03:22]} 21. Rd1 {[%clk 1:28:26]} Kh8 {[%clk 1:00:57]} 22. Nd2
{[%clk 1:14:51]} Bg6 {[%clk 1:00:30]} 23. Qc3 {[%clk 1:08:49]} Rc8
{[%clk 0:46:52]} 24. b4 {[%clk 1:05:42]} f6 {[%clk 0:45:56]} 25. e6
{[%clk 0:54:05]} Rc7 {[%clk 0:45:48]} 26. Nxb6 {[%clk 0:27:14]} axb6
{[%clk 0:45:33]} 27. a4 {[%clk 0:27:21]} Re8 {[%clk 0:38:18]} 28. Rde1
{[%clk 0:24:59]} Rce7 {[%clk 0:37:44]} 29. a5 {[%clk 0:22:20]} bxa5
{[%clk 0:34:57]} 30. bxa5 {[%clk 0:22:44]} Bf5 {[%clk 0:19:06]} 31. Qb4
{[%clk 0:20:22]} Kg8 {[%clk 0:16:36]} 32. Nb3 {[%clk 0:13:09]} Bxe6
{[%clk 0:15:18]} 33. Nc5 {[%clk 0:05:28]} Qd6 {[%clk 0:15:15]} 34. Qb6
{[%clk 0:03:34]} Bc8 {[%clk 0:14:46]} 35. Rxe7 {[%clk 0:03:42]} Rxe7
{[%clk 0:15:12]} 36. Rxe7 {[%clk 0:03:38]} Qxe7 {[%clk 0:15:38]} 37. Qa7
{[%clk 0:02:42]} Qe1+ {[%clk 0:07:07]} 38. Kh2 {[%clk 0:03:11]} Qxf2
{[%clk 0:07:25]} 39. Qb8 {[%clk 0:03:30]} Kf7 {[%clk 0:07:14]} 40. Nxb7
{[%clk 0:30:36]} Bxb7 {[%clk 0:36:01]} 41. Qxb7+ {[%clk 0:28:40]} Kg6
{[%clk 0:36:28]} 42. Qb1+ {[%clk 0:24:10]} f5 {[%clk 0:34:39]} 43. Qa1
{[%clk 0:13:55]} Qf4+ {[%clk 0:27:39]} 44. Kh1 {[%clk 0:14:18]} Qc7
{[%clk 0:27:16]} 45. a6 {[%clk 0:11:59]} Qa7 {[%clk 0:27:42]} 46. Qa4
{[%clk 0:12:24]} Kg5 {[%clk 0:26:57]} 47. Kg1 {[%clk 0:09:29]} c5
{[%clk 0:19:57]} 48. Qc6 {[%clk 0:06:27]} c4 {[%clk 0:17:53]} 49. Kh2
{[%clk 0:03:38]} Qb8+ {[%clk 0:17:17]} 50. Kh1 {[%clk 0:03:59]} Qb1+
{[%clk 0:17:43]} 51. Kh2 {[%clk 0:04:26]} Qb8+ {[%clk 0:18:08]} 52. Kh1
{[%clk 0:04:51]} Qb1+ {[%clk 0:18:35]} 1/2-1/2

[Event "Team men PL final"]
[Site "Sochi"]
[Date "2018.05.04"]
[Round "4.8"]
[White "Inarkiev, Ernesto"]
[Black "Esipenko, Andrey"]
[Result "1/2-1/2"]
[BlackElo "2587"]
[WhiteElo "2686"]
[LiveChessVersion "1.4.8"]

1. e4 {[%clk 1:30:43]} c6 {[%clk 1:30:47]} 2. d4 {[%clk 1:31:07]} d5
{[%clk 1:31:11]} 3. exd5 {[%clk 1:31:31]} cxd5 {[%clk 1:31:33]} 4. Bd3
{[%clk 1:31:57]} Nc6 {[%clk 1:31:43]} 5. c3 {[%clk 1:32:20]} Nf6 {[%clk 1:31:43]}
6. Bf4 {[%clk 1:32:42]} Bg4 {[%clk 1:31:29]} 7. Qb3 {[%clk 1:33:03]} Qc8
{[%clk 1:31:23]} 8. Nd2 {[%clk 1:33:22]} e6 {[%clk 1:31:33]} 9. Ngf3
{[%clk 1:33:46]} Be7 {[%clk 1:31:44]} 10. O-O {[%clk 1:34:11]} Bh5
{[%clk 1:31:02]} 11. Rae1 {[%clk 1:32:03]} O-O {[%clk 1:28:24]} 12. Qc2
{[%clk 1:32:12]} Bg6 {[%clk 1:26:50]} 13. Bxg6 {[%clk 1:32:34]} hxg6
{[%clk 1:27:15]} 14. Qd3 {[%clk 1:32:47]} a6 {[%clk 1:20:07]} 15. Ng5
{[%clk 1:32:39]} Nh5 {[%clk 0:50:48]} 16. Qh3 {[%clk 1:31:54]} e5
{[%clk 0:47:38]} 17. dxe5 {[%clk 1:29:42]} Qf5 {[%clk 0:43:46]} 18. g3
{[%clk 1:19:18]} d4 {[%clk 0:37:10]} 19. Ndf3 {[%clk 1:16:34]} dxc3
{[%clk 0:33:25]} 20. bxc3 {[%clk 1:14:55]} Qxh3 {[%clk 0:30:11]} 21. Nxh3
{[%clk 1:15:17]} Nxf4 {[%clk 0:30:30]} 22. Nxf4 {[%clk 1:14:57]} Rfd8
{[%clk 0:29:57]} 23. h4 {[%clk 0:46:21]} Rac8 {[%clk 0:27:40]} 24. Re2
{[%clk 0:43:48]} Rd7 {[%clk 0:21:03]} 25. e6 {[%clk 0:32:35]} Rd6
{[%clk 0:20:04]} 26. c4 {[%clk 0:26:41]} fxe6 {[%clk 0:14:19]} 27. c5
{[%clk 0:26:42]} Rd7 {[%clk 0:14:31]} 28. Nxe6 {[%clk 0:26:53]} Bf6
{[%clk 0:13:35]} 29. Rfe1 {[%clk 0:17:28]} Re8 {[%clk 0:11:18]} 30. Re4
{[%clk 0:16:03]} Ree7 {[%clk 0:09:00]} 31. Kg2 {[%clk 0:15:37]} Rd5
{[%clk 0:08:24]} 32. R1e2 {[%clk 0:14:47]} Rd1 {[%clk 0:06:24]} 33. Nfg5 Rdd7 34.
Kh3 Rd1 35. Kg4 Rd5 36. Kh3 Rd1 37. Nf3 Rdd7 38. g4 Rd3 39. Kg2 Rdd7 40. Kg3 Re8
41. R4e3 Ree7 42. Nfg5 Rd1 43. Kg2 Rdd7 44. Nh3 Kf7 45. Re4 Rxe6 46. Rxe6 Nd4 47.
Rxf6+ Kxf6 48. Rd2 Ke5 49. Ng5 Kd5 50. f4 Re7 51. Nf3 Re2+ 52. Rxe2 Nxe2 53. f5
gxf5 54. gxf5 Ke4 55. f6 gxf6 56. Nd2+ Kf5 57. Kf3 Nd4+ 58. Ke3 Nc2+ 59. Kd3 Nb4+
60. Kc4 Nc6 61. h5 Kg5 62. Ne4+ Kxh5 63. Nxf6+ Kg6 64. Ne4 Kf7 65. Nd6+ Ke6 66.
Nxb7 Ke5 67. a3 Ke4 68. Nd6+ Ke5 69. Nf7+ Ke4 70. Ng5+ Ke5 71. Nf3+ Ke4 72. Nd2+
Ke5 73. Nb3 Ke4 74. Nd2+ Ke5 75. Nf3+ Ke4 76. Nd2+ Ke5 77. Nb3 1/2-1/2

[Event "Team men PL final"]
[Site "Sochi"]
[Date "2018.05.04"]
[Round "4.9"]
[White "Kobalia, Mikhail"]
[Black "Najer, Evgeniy"]
[Result "1/2-1/2"]
[BlackElo "2667"]
[WhiteElo "2601"]
[LiveChessVersion "1.4.8"]

1. e4 {[%clk 1:30:54]} c5 {[%clk 1:30:09]} 2. Nf3 {[%clk 1:31:15]} Nc6
{[%clk 1:30:34]} 3. d4 {[%clk 1:30:28]} cxd4 {[%clk 1:30:43]} 4. Nxd4
{[%clk 1:30:52]} e6 {[%clk 1:30:59]} 5. Nc3 {[%clk 1:23:20]} Qc7 {[%clk 1:31:23]}
6. Be2 {[%clk 1:21:08]} a6 {[%clk 1:31:10]} 7. O-O {[%clk 1:21:33]} Nf6
{[%clk 1:31:03]} 8. Be3 {[%clk 1:21:49]} Be7 {[%clk 1:30:50]} 9. f4
{[%clk 1:21:55]} d6 {[%clk 1:31:13]} 10. Kh1 {[%clk 1:22:04]} O-O
{[%clk 1:31:17]} 11. Qe1 {[%clk 1:22:17]} Nxd4 {[%clk 1:31:13]} 12. Bxd4
{[%clk 1:22:42]} b5 {[%clk 1:31:37]} 13. a3 {[%clk 1:23:08]} Nd7 {[%clk 1:30:11]}
14. Qg3 {[%clk 1:16:11]} Bf6 {[%clk 1:29:57]} 15. Rad1 {[%clk 1:16:21]} Bb7
{[%clk 1:28:45]} 16. Bxf6 {[%clk 1:07:55]} Nxf6 {[%clk 1:28:59]} 17. Qe3
{[%clk 1:07:30]} Rfd8 {[%clk 1:26:28]} 18. Bf3 {[%clk 1:04:34]} Qc5
{[%clk 1:21:56]} 19. Rfe1 {[%clk 0:55:01]} h6 {[%clk 1:18:54]} 20. Rd4
{[%clk 0:52:21]} Nd7 {[%clk 1:07:41]} 21. Qd2 {[%clk 0:47:37]} Nb6
{[%clk 1:06:20]} 22. Be2 {[%clk 0:47:57]} Rd7 {[%clk 1:04:26]} 23. Rd1
{[%clk 0:43:37]} Rad8 {[%clk 1:04:30]} 24. Qc1 {[%clk 0:42:10]} e5
{[%clk 1:01:30]} 25. R4d3 {[%clk 0:42:03]} a5 {[%clk 0:51:42]} 26. Rg3
{[%clk 0:21:21]} exf4 {[%clk 0:12:48]} 27. Qxf4 {[%clk 0:21:30]} b4
{[%clk 0:08:28]} 28. Qf6 {[%clk 0:13:41]} g6 {[%clk 0:07:39]} 29. Bg4
{[%clk 0:13:44]} bxc3 {[%clk 0:05:27]} 30. Be6 {[%clk 0:13:35]} Bxe4
{[%clk 0:03:13]} 31. Rxg6+ {[%clk 0:13:53]} Bxg6 {[%clk 0:03:39]} 32. Qxg6+
{[%clk 0:14:21]} Kh8 {[%clk 0:03:13]} 33. Qxh6+ {[%clk 0:14:13]} Kg8
{[%clk 0:03:43]} 34. Qg6+ {[%clk 0:13:09]} Kh8 {[%clk 0:04:12]} 35. Qf6+
{[%clk 0:11:38]} Kg8 {[%clk 0:04:28]} 36. Qg6+ {[%clk 0:05:07]} Kh8
{[%clk 0:04:53]} 37. Qf6+ {[%clk 0:04:22]} Kg8 {[%clk 0:05:19]} 38. Qg6+
{[%clk 0:00:36]} 1/2-1/2

[Event "Team men PL final"]
[Site "Sochi"]
[Date "2018.05.04"]
[Round "4.10"]
[White "Motylev, Alexander"]
[Black "Iljiushenok, Ilia"]
[Result "1-0"]
[BlackElo "2516"]
[WhiteElo "2660"]
[LiveChessVersion "1.4.8"]

1. e4 {[%clk 1:30:57]} c5 {[%clk 1:30:47]} 2. Nf3 {[%clk 1:31:21]} e6
{[%clk 1:31:06]} 3. d4 {[%clk 1:31:46]} cxd4 {[%clk 1:31:30]} 4. Nxd4
{[%clk 1:32:12]} Nc6 {[%clk 1:31:47]} 5. Nc3 {[%clk 1:32:35]} a6 {[%clk 1:31:31]}
6. Be2 {[%clk 1:28:47]} Qc7 {[%clk 1:30:59]} 7. Nxc6 {[%clk 1:29:07]} bxc6
{[%clk 1:28:27]} 8. Qd3 {[%clk 1:29:12]} d5 {[%clk 1:26:21]} 9. Qg3
{[%clk 1:29:22]} Qxg3 {[%clk 1:25:21]} 10. hxg3 {[%clk 1:29:48]} Rb8
{[%clk 1:17:05]} 11. b3 {[%clk 1:26:45]} Bb4 {[%clk 1:13:06]} 12. Bd2
{[%clk 1:26:23]} Nf6 {[%clk 1:12:12]} 13. O-O-O {[%clk 1:18:13]} O-O
{[%clk 1:06:51]} 14. f3 {[%clk 1:08:19]} c5 {[%clk 0:48:15]} 15. exd5
{[%clk 1:05:06]} Bxc3 {[%clk 0:39:10]} 16. Bxc3 {[%clk 1:04:36]} Nxd5
{[%clk 0:39:33]} 17. Be5 {[%clk 1:04:25]} Rb6 {[%clk 0:34:18]} 18. c4
{[%clk 0:59:11]} Ne3 {[%clk 0:26:58]} 19. Rd6 {[%clk 0:50:41]} Rb7
{[%clk 0:27:12]} 20. Rc6 {[%clk 0:42:18]} Nxg2 {[%clk 0:21:01]} 21. Bd6
{[%clk 0:33:47]} Bd7 {[%clk 0:20:48]} 22. Rxa6 {[%clk 0:33:05]} Rc8
{[%clk 0:21:02]} 23. Rh2 {[%clk 0:29:30]} Ne3 {[%clk 0:20:42]} 24. g4
{[%clk 0:29:35]} Bc6 {[%clk 0:10:15]} 25. Bf4 {[%clk 0:27:50]} Nd5
{[%clk 0:09:24]} 26. cxd5 {[%clk 0:27:38]} Bxd5 {[%clk 0:09:52]} 27. Ra4
{[%clk 0:27:05]} 1-0

[Event "Team men PL final"]
[Site "Sochi"]
[Date "2018.05.04"]
[Round "4.11"]
[White "Triapishko, Alexandr"]
[Black "Grachev, Boris"]
[Result "1/2-1/2"]
[BlackElo "2647"]
[WhiteElo "2510"]
[LiveChessVersion "1.4.8"]

1. e4 {[%clk 1:30:56]} c5 {[%clk 1:30:57]} 2. Nf3 {[%clk 1:31:12]} e6
{[%clk 1:31:22]} 3. d4 {[%clk 1:31:26]} cxd4 {[%clk 1:31:48]} 4. Nxd4
{[%clk 1:31:33]} Nc6 {[%clk 1:32:12]} 5. Nc3 {[%clk 1:31:42]} a6 {[%clk 1:32:14]}
6. Qd3 {[%clk 1:31:29]} Nge7 {[%clk 1:10:37]} 7. Bf4 {[%clk 1:29:42]} Ng6
{[%clk 1:01:47]} 8. Bg3 {[%clk 1:25:31]} d6 {[%clk 0:57:58]} 9. O-O-O
{[%clk 1:18:56]} Nxd4 {[%clk 0:46:18]} 10. Qxd4 {[%clk 1:19:16]} e5
{[%clk 0:46:27]} 11. Qa4+ {[%clk 1:00:18]} Bd7 {[%clk 0:46:50]} 12. Qb3
{[%clk 0:59:59]} b5 {[%clk 0:45:51]} 13. Nd5 {[%clk 0:55:39]} Be7
{[%clk 0:43:00]} 14. Kb1 {[%clk 0:42:30]} O-O {[%clk 0:39:22]} 15. Be2
{[%clk 0:41:52]} Be6 {[%clk 0:38:09]} 16. Nxe7+ {[%clk 0:30:31]} Qxe7
{[%clk 0:37:45]} 17. Qa3 {[%clk 0:30:56]} Rfd8 {[%clk 0:34:47]} 18. h4
{[%clk 0:24:43]} Rac8 {[%clk 0:25:37]} 19. Rd2 {[%clk 0:22:45]} Qc7
{[%clk 0:17:24]} 20. Rhd1 {[%clk 0:13:07]} d5 {[%clk 0:15:08]} 21. exd5
{[%clk 0:09:07]} Rxd5 {[%clk 0:13:37]} 22. c3 {[%clk 0:04:16]} Rc5
{[%clk 0:05:26]} 23. h5 {[%clk 0:03:26]} Nf8 {[%clk 0:05:34]} 24. Bh4
{[%clk 0:01:03]} f6 {[%clk 0:03:34]} 25. f4 {[%clk 0:00:41]} a5 {[%clk 0:03:15]}
26. Bf2 {[%clk 0:00:47]} b4 27. Qa4 bxc3 {[%clk 0:02:14]} 28. Rc2
{[%clk 0:01:44]} Rc6 {[%clk 0:01:17]} 29. Bb5 {[%clk 0:00:58]} Bf5
{[%clk 0:00:33]} 30. Bxc6 {[%clk 0:00:47]} Qxc6 {[%clk 0:00:56]} 31. Qxc6
{[%clk 0:00:51]} Rxc6 {[%clk 0:01:21]} 32. b3 {[%clk 0:01:04]} exf4
{[%clk 0:01:21]} 33. Kc1 {[%clk 0:00:45]} Bxc2 {[%clk 0:01:02]} 34. Kxc2
{[%clk 0:01:14]} Ne6 {[%clk 0:01:14]} 35. Rd5 {[%clk 0:00:49]} Ng5
{[%clk 0:01:30]} 36. Rxa5 {[%clk 0:00:49]} Re6 {[%clk 0:01:49]} 37. Ra8+
{[%clk 0:00:48]} Kf7 {[%clk 0:02:16]} 38. Ra7+ {[%clk 0:00:51]} Ke8
{[%clk 0:02:00]} 39. Bd4 {[%clk 0:00:41]} Re2+ {[%clk 0:02:09]} 40. Kxc3
{[%clk 0:30:52]} Rxg2 {[%clk 0:32:08]} 41. h6 {[%clk 0:05:38]} gxh6
{[%clk 0:31:32]} 42. b4 {[%clk 0:03:34]} f3 {[%clk 0:27:04]} 43. b5
{[%clk 0:02:10]} Ne6 {[%clk 0:08:43]} 44. b6 {[%clk 0:02:14]} Nxd4
{[%clk 0:08:50]} 45. Kxd4 {[%clk 0:02:38]} Rb2 {[%clk 0:07:15]} 46. Ra3
{[%clk 0:02:56]} Rxb6 {[%clk 0:05:25]} 47. Ke3 {[%clk 0:02:30]} Kf7
{[%clk 0:05:31]} 48. Kxf3 {[%clk 0:02:56]} Kg6 {[%clk 0:05:53]} 49. Ra8
{[%clk 0:02:44]} h5 {[%clk 0:06:05]} 50. Kg3 {[%clk 0:00:56]} Rb4
{[%clk 0:04:51]} 51. Kh3 {[%clk 0:00:52]} Rc4 {[%clk 0:02:29]} 52. Rg8+
{[%clk 0:00:51]} Kf5 {[%clk 0:02:28]} 53. Ra8 {[%clk 0:00:36]} Rc3+
{[%clk 0:02:05]} 54. Kh4 {[%clk 0:00:54]} Rc1 {[%clk 0:02:30]} 55. Ra5+
{[%clk 0:00:40]} Kg6 {[%clk 0:02:48]} 56. a4 {[%clk 0:00:42]} Rc4+
{[%clk 0:02:42]} 57. Kh3 {[%clk 0:01:04]} Rc3+ {[%clk 0:01:12]} 58. Kh4
{[%clk 0:01:17]} h6 {[%clk 0:01:06]} 59. Ra8 {[%clk 0:01:00]} Rc4+
{[%clk 0:01:31]} 60. Kh3 {[%clk 0:01:29]} Kg5 {[%clk 0:01:17]} 61. a5
{[%clk 0:01:22]} Rc3+ {[%clk 0:01:14]} 62. Kg2 {[%clk 0:00:54]} Ra3
{[%clk 0:01:18]} 63. a6 {[%clk 0:00:51]} Kf4 {[%clk 0:00:47]} 64. Kh2
{[%clk 0:00:35]} f5 {[%clk 0:01:05]} 65. Kg2 {[%clk 0:00:40]} Ra2+
{[%clk 0:01:07]} 66. Kh3 {[%clk 0:00:49]} Ra3+ {[%clk 0:01:15]} 67. Kg2
{[%clk 0:01:05]} h4 {[%clk 0:00:58]} 68. Kh2 {[%clk 0:00:37]} Ra1
{[%clk 0:00:38]} 69. Kg2 {[%clk 0:00:50]} Ra3 {[%clk 0:00:51]} 70. Kh2
{[%clk 0:01:13]} h3 {[%clk 0:00:36]} 71. a7 {[%clk 0:00:32]} h5 {[%clk 0:00:47]}
72. Rb8 {[%clk 0:00:33]} Rxa7 {[%clk 0:01:08]} 73. Kxh3 {[%clk 0:01:01]} Ra1
{[%clk 0:01:06]} 74. Rb7 {[%clk 0:00:49]} Rh1+ {[%clk 0:00:44]} 75. Kg2
{[%clk 0:01:17]} Rc1 {[%clk 0:01:01]} 76. Kh3 {[%clk 0:01:07]} Kg5
{[%clk 0:00:50]} 77. Rg7+ {[%clk 0:01:33]} Kf6 {[%clk 0:01:16]} 78. Ra7
{[%clk 0:01:31]} Kg6 {[%clk 0:01:17]} 79. Ra8 {[%clk 0:01:41]} Rc3+
{[%clk 0:01:42]} 80. Kh4 {[%clk 0:01:59]} Rc4+ {[%clk 0:02:08]} 81. Kh3
{[%clk 0:01:30]} Rg4 {[%clk 0:01:38]} 82. Rg8+ {[%clk 0:01:18]} Kf6
{[%clk 0:02:03]} 83. Rh8 {[%clk 0:01:33]} Kg5 {[%clk 0:02:23]} 84. Rg8+
{[%clk 0:01:52]} Kf4 {[%clk 0:02:48]} 85. Ra8 {[%clk 0:01:57]} Rg1
{[%clk 0:02:53]} 86. Ra4+ {[%clk 0:01:28]} Kg5 {[%clk 0:03:17]} 87. Ra8
{[%clk 0:01:48]} Re1 {[%clk 0:03:29]} 88. Rg8+ {[%clk 0:01:31]} Kf4
{[%clk 0:03:53]} 89. Rf8 {[%clk 0:00:37]} Re5 {[%clk 0:03:31]} 90. Rh8
{[%clk 0:00:37]} Re3+ {[%clk 0:03:19]} 91. Kh2 {[%clk 0:00:40]} Kg4
{[%clk 0:03:06]} 92. Rg8+ {[%clk 0:01:09]} Kf4 {[%clk 0:02:03]} 93. Rh8
{[%clk 0:01:24]} Kg4 {[%clk 0:00:54]} 94. Rg8+ {[%clk 0:01:52]} Kf3
{[%clk 0:01:06]} 95. Rg5 {[%clk 0:01:13]} Re2+ {[%clk 0:00:47]} 96. Kg1
{[%clk 0:00:46]} Re1+ {[%clk 0:01:10]} 97. Kh2 {[%clk 0:01:13]} f4
{[%clk 0:01:01]} 98. Rxh5 {[%clk 0:01:14]} Kf2 {[%clk 0:01:25]} 99. Ra5
{[%clk 0:01:15]} f3 {[%clk 0:01:29]} 100. Ra2+ {[%clk 0:00:55]} Re2
{[%clk 0:01:54]} 101. Ra1 {[%clk 0:00:41]} Re3 {[%clk 0:01:32]} 102. Rb1
{[%clk 0:00:38]} Re1 {[%clk 0:00:48]} 103. Rb2+ {[%clk 0:00:48]} Re2
{[%clk 0:00:46]} 104. Rb1 {[%clk 0:00:58]} Re1 {[%clk 0:00:55]} 105. Rb2+
{[%clk 0:01:15]} Ke3 {[%clk 0:01:21]} 106. Rb3+ {[%clk 0:01:14]} Kf4
{[%clk 0:01:45]} 107. Rb4+ {[%clk 0:01:31]} Re4 {[%clk 0:02:11]} 108. Rb8
{[%clk 0:01:35]} Re1 {[%clk 0:00:45]} 109. Rb4+ {[%clk 0:01:41]} Re4
{[%clk 0:00:43]} 110. Rb8 {[%clk 0:01:52]} Re7 {[%clk 0:00:35]} 111. Kg1
{[%clk 0:01:45]} 1/2-1/2

[Event "Team men PL final"]
[Site "Sochi"]
[Date "2018.05.04"]
[Round "4.12"]
[White "Zvjaginsev, Vadim"]
[Black "Chernobay, Artem"]
[Result "1/2-1/2"]
[BlackElo "2510"]
[WhiteElo "2625"]
[LiveChessVersion "1.4.8"]

1. e4 {[%clk 1:30:51]} c5 {[%clk 1:30:50]} 2. Nf3 {[%clk 1:29:26]} Nf6
{[%clk 1:31:10]} 3. e5 {[%clk 1:27:26]} Nd5 {[%clk 1:31:32]} 4. Bc4
{[%clk 1:26:01]} Nb6 {[%clk 1:29:09]} 5. d3 {[%clk 1:26:16]} d5 {[%clk 1:16:10]}
6. exd6 {[%clk 1:26:09]} Qxd6 {[%clk 1:16:31]} 7. O-O {[%clk 1:24:57]} Nxc4
{[%clk 1:09:07]} 8. dxc4 {[%clk 1:25:17]} Qxd1 {[%clk 1:08:25]} 9. Rxd1
{[%clk 1:25:42]} Bg4 {[%clk 1:07:06]} 10. Nc3 {[%clk 1:20:29]} Nc6
{[%clk 1:02:31]} 11. Be3 {[%clk 1:17:10]} e6 {[%clk 0:57:01]} 12. Nb5
{[%clk 1:12:34]} Rc8 {[%clk 0:56:27]} 13. b3 {[%clk 1:12:11]} Be7
{[%clk 0:44:02]} 14. h3 {[%clk 1:07:22]} Bxf3 {[%clk 0:31:52]} 15. gxf3
{[%clk 1:07:40]} b6 {[%clk 0:31:55]} 16. Bf4 {[%clk 1:00:14]} f6 {[%clk 0:22:15]}
17. Kg2 {[%clk 0:48:19]} g5 {[%clk 0:17:12]} 18. Be3 {[%clk 0:47:10]} Rd8
{[%clk 0:14:03]} 19. a4 {[%clk 0:32:45]} Kf7 {[%clk 0:09:19]} 20. a5
{[%clk 0:33:05]} a6 {[%clk 0:07:01]} 21. Nc7 {[%clk 0:25:38]} Nxa5
{[%clk 0:07:22]} 22. Nxa6 {[%clk 0:25:50]} Nc6 {[%clk 0:07:17]} 23. Nc7
{[%clk 0:21:51]} Nb4 {[%clk 0:06:15]} 24. Rdc1 {[%clk 0:20:20]} Rc8
{[%clk 0:05:21]} 25. Ra7 {[%clk 0:14:17]} Nc6 {[%clk 0:05:41]} 26. Rb7
{[%clk 0:14:44]} Na5 {[%clk 0:06:00]} 27. Ra7 {[%clk 0:15:10]} Nc6
{[%clk 0:06:28]} 28. Rb7 {[%clk 0:15:36]} Na5 {[%clk 0:06:55]} 29. Ra7
{[%clk 0:16:04]} Nc6 {[%clk 0:07:21]} 1/2-1/2

[Event "Team men PL final"]
[Site "Sochi"]
[Date "2018.05.04"]
[Round "4.13"]
[White "Khismatullin, Denis"]
[Black "Gelfand, Boris"]
[Result "1/2-1/2"]
[BlackElo "2695"]
[WhiteElo "2632"]
[LiveChessVersion "1.4.8"]

1.e4 c5 2.Nf3 Nc6 3.Bb5 g6 4.Bxc6 bxc6 5.O-O Bg7 6.Re1 Nh6 7.c3
O-O 8.h3 f5 9.e5 Nf7 10.d3 d6 11.Bf4 Ba6 12.Na3 Rb8 13.b3 g5
14.Nxg5 Nxg5 15.Bxg5 dxe5 16.Nc4 e4 17.dxe4 Bxc4 18.bxc4 Bxc3
19.Qf3 Bxa1 20.Rxa1 Qd4 21.Re1 Qg7 22.Qe3 e5 23.exf5 Rxf5 24.Bh4
Re8 25.Qxc5 Re6 26.Rd1 Rf8 27.Rd3 e4 28.Rg3 Rg6 29.Rxg6 Qxg6
30.Qxa7 Qh6 31.Bg3 e3 32.fxe3 Qg7 33.Qxg7+ Kxg7 34.Bd6 Rd8 35.Bb4
Rd1+ 36.Kf2 Rc1 37.c5 Rc2+ 38.Kf3 Rxa2 39.Bc3+ Kf7 40.g3 Ke6
41.Bd4 Kd5 42.g4 Rh2 43.Kg3 Rh1 44.Kg2 1/2-1/2